Instrumental metodológico para la valoración ambiental del medio construido en asentamientos rurales del municipio de Masaya, Nicaragua
La investigación está conformada por aspectos de las ciencias ambientales, tanto en criterios, conceptos y experiencias referentes a la problemática de los asentamientos rurales. Son aplicados los métodos de la teoría de sistemas para el análisis de problemas complejos, tales como: el Biociber...
| Main Author: | |
|---|---|
| Other Authors: | |
| Format: | Tesis Section = Libro |
| Language: | Undetermined Spanish |
| Published: |
Managua
UNI
2009
|
| Subjects: |
| LEADER | 01273nam a2200217Ia 4500 | ||
|---|---|---|---|
| 008 | 240830s9999 xx 000 0 und d | ||
| 040 | |a BIBLIOTECA-RUSB/ D.Mon 333.7 H557 | ||
| 041 | |a spa | ||
| 082 | |a D.Mon 333.7 H557 | ||
| 100 | 1 | |a Hernández Hidalgo, Heimdall Verónica | |
| 245 | 1 | 0 | |a Instrumental metodológico para la valoración ambiental del medio construido en asentamientos rurales del municipio de Masaya, Nicaragua |
| 260 | |a Managua |b UNI |c 2009 | ||
| 300 | |a 211 p. :il. | ||
| 502 | |a Tesis (Doctor en Ciencias del Ambiente) - UNI, 2009. | ||
| 520 | 3 | |a La investigación está conformada por aspectos de las ciencias ambientales, tanto en criterios, conceptos y experiencias referentes a la problemática de los asentamientos rurales. Son aplicados los métodos de la teoría de sistemas para el análisis de problemas complejos, tales como: el Biocibernético, el análisis de formación de esencias, análisis dinámicos de sistemas de integración de multiatributos; para concebir el sistema ambiental de esta investigación. | |
| 650 | 7 | |a MEDIO AMBIENTE - VALORACIÓN AMBIENTAL | |
| 650 | 7 | |b ASENTAMIENTOS RURALES - CALIDAD AMBIENTAL | |
| 700 | 1 | |a Tutor: |b Gómez Ortega, Graciela Dionides | |
| 942 | |c BK |2 ddc | ||
| 991 | |a TESIS | ||
| 999 | |c 19197 | ||